000 00596nam a22001817a 4500
003 AUA.1
005 20251105100620.0
008 250630b |||||||| |||| 00| 0 eng d
040 _cJTL
100 _aRafidinjanahary, Pierrot
245 _aPromoting tithes' return in the Malagasy Central Conference /
_cPierrot Rafidinjanahary.
260 _cc2024.
300 _aviii, 83 leaves :
_bIllustrations :
_c30cm.
610 _aSeventh-day Adventist Church
_bMalagasy Central Conference
650 _aChristian giving
650 _aTithes
942 _2aua
_cPROJECT
_hMA PTh
_i.R34 2024
999 _c25107
_d25107